000 00319nam a2200133Ia 4500
005 20260328104315.0
008 260328s9999||||xx |||||||||||||| ||und||
100 _aOrtbal, John
245 4 _aThe Ecology of Design /
_cJohn Ortbal
260 _bAiga
300 _a136 p.
650 _aDISEÑO INDUSTRIAL
942 _cBK
999 _c11125
_d11125